000 00576nam a2200217Ia 4500
005 20241129111021.0
008 241129s9999||||xx |||||||||||||| ||und||
020 _a81-7587-106-7
037 _aTB
040 _aCRL
_beng
_cCRL
041 _aurd
_2urd
084 _aO168,1M94x Q3.1
_qCRL
100 _aRaees Qamar Co.
_9723193
245 0 _aKulliyat-e-Josh
_cRaees Qamar Co.
260 _aNew Delhi, India
_bNCPUL
_c2013
300 _a1138p.
365 _aINR
_b347
650 _aUrdu Poetry
942 _cTB
_hO168,1M94x Q3.1
999 _c1228551
_d1228551